Missing Word: Best Original Song I Quiz Stats

 Plays Quiz Updated Mar 5, 2016

Challenge
Share
Tweet
Embed
Score 0/22 Timer 02:00
0 Plays Today
Song Missing Word % Correct
Sooner or ___Later
96.2%
A Whole New ___World
95.7%
Can You Feel the Love ___?Tonight
94.1%
When You ___ upon a StarWish
93.5%
My ___ Will Go OnHeart
91.1%
Baby, It's ___ OutsideCold
90.7%
The ___ of My LifeTime
79.7%
You ___ Up My LifeLight
77.8%
___ Keep Fallin' on My HeadRaindrops
77.4%
The Way We ___Were
75.3%
___ ___ Cher-eeChim Chim
70.3%
Song Missing Word % Correct
Flashdance... What a ___Feeling
62%
___ Will Be, Will Be
(Que SerĂ¡ SerĂ¡)
Whatever
59.2%
___ to the AnimalsTalk
57.9%
___ for the MemoryThanks
53.9%
It's Hard out Here for a ___Pimp
38.7%
Days of ___ and RosesWine
37.3%
Swinging on a ___Star
37.2%
___ Coins in the
Fountain
Three
32.2%
Never on ___Sunday
31.5%
___ You, ___ MeSay... Say
24.9%
Lullaby of ___Broadway
23.4%

Today's Daily Dose

You're not logged in!

Compare scores with friends on all Sporcle quizzes.
Join for Free
OR
Log In

You Might Also Like...

Show Comments

Extras

Top Quizzes Today


Score Distribution

Your Account Isn't Verified!

In order to create a playlist on Sporcle, you need to verify the email address you used during registration. Go to your Sporcle Settings to finish the process.

Report this User

Report this user for behavior that violates our Community Guidelines.

Details: